000 01034cam a22002054a 4500
005 20250605164015.0
008 250528s ||||||||||||||||||||||||d
035 _a16131
020 _a139362976
040 _aGR-AtMCL
_bgre
_dGR-AtMCL
_eAACR2
245 1 _aManaging Change in Organizations / Third Edition
250 _a3rd
260 _bPrentice Hall,
_c1999
300 _a278
520 _aThis book offers a through and practical overview of how to achieve effective organizations. Business Transformation, Management Structures and Management in Action, Organizations in the Twenty-First Century: The Value-Added Organization, The Learning Organization, Sustaining Organizational Effectiveness, Managing Complexity, Leadership in Practice, Managing Organizational Change, Diagnosing Change, Managing Major Changes, Programs of Change, Learning from Change, A Strategy for Effectiveness, Strategies for Corporate Transformation.
700 1 _aCarnall Colin A
_92046
942 _cBK
999 _c1667
_d1667